01086nam a22002057a 450000100040000000500170000402000180002104000290003908200100006810000170007824500190009526000400011430000470015449000280020150500070022952005650023652100200080152100200082165000390084166520250807150210.0 a9781740898119 aFISKHbengcFISKHdFISKH a578.7 aRyan, Denise aBy the shore / aAustralia : bWeldon Owen ;c2008.  a24 pages ;bcolor illustrations , c23 cm. aTop Readers vStage 1.  aD  aThese books are designed for children who are beginning to read. They feature a single, familiar topic and concept, single word labels, strong word-picture match and consistent placement of text. A series of beautifully designed, fact-filled books, richly illustrated with a wealth of accurate, full-colour illustrations, intriguing diagrams, cross sections and cutaways. The text has been carefully leveled to support children's reading development. Ideal to help all beginner readers gain confidence while they practice their reading skills enthusiastically. a300 bLexile  aD bRaz-Plus  aShore animals and plants vNature